While memory Serves (Record no. 187363)
[ view plain ]
| 000 -LEADER | |
|---|---|
| fixed length control field | 00419 a2200169 4500 |
| 003 - CONTROL NUMBER IDENTIFIER | |
| control field | Nust |
| 005 - DATE AND TIME OF LATEST TRANSACTION | |
| control field | 20170207153502.0 |
| 040 ## - CATALOGING SOURCE | |
| Transcribing agency | Nust |
| 082 ## - DEWEY DECIMAL CLASSIFICATION NUMBER | |
| Classification number | 954 |
| 100 ## - MAIN ENTRY--PERSONAL NAME | |
| Personal name | Tuker, Francis |
| 245 ## - TITLE STATEMENT | |
| Title | While memory Serves |
| Statement of responsibility, etc. | Sir Francis Tuker |
| 260 ## - PUBLICATION, DISTRIBUTION, ETC. | |
| Place of publication, distribution, etc. | SYDENY |
| Name of publisher, distributor, etc. | cASSEW |
| 300 ## - PHYSICAL DESCRIPTION | |
| Extent | 662:P |
| 505 ## - FORMATTED CONTENTS NOTE | |
| Formatted contents note | Book 1: 1946 (Page-9-203) Book .2: (Page-207-525) |
| 538 ## - SYSTEM DETAILS NOTE | |
| System details note | Almirah No.62 Shelf No.5 |
| 650 ## - SUBJECT ADDED ENTRY--TOPICAL TERM | |
| Topical term or geographic name entry element | mEMORY sERVICES |
| 942 ## - ADDED ENTRY ELEMENTS (KOHA) | |
| Source of classification or shelving scheme | |
| Koha item type | Book |
| Withdrawn status | Lost status | Source of classification or shelving scheme | Damaged status | Not for loan | Collection code | Permanent Location | Current Location | Date acquired | Total Checkouts | Full call number | Barcode | Date last seen | Price effective from | Koha item type |
|---|---|---|---|---|---|---|---|---|---|---|---|---|---|---|
| Military College of Signals (MCS) | Military College of Signals (MCS) | 12/12/2016 | 954 TUK | MCS29256 | 12/08/2016 | 12/12/2016 | Book |
